[Event "BEL-chT 1314"]
[Site "Belgium"]
[Date "2013.10.13"]
[Round "3.7"]
[White "Du Pont, David"]
[Black "Swijsen, Lars"]
[Result "0-1"]
[WhiteElo "2078"]
[BlackElo "2197"]
[PlyCount "104"]
[EventDate "2013.09.22"]
[EventType "team-tourn"]
[EventRounds "11"]
[EventCountry "BEL"]
[SourceTitle "CBM 156 Extra"]
[Source "ChessBase"]
[SourceDate "2013.10.22"]
[SourceVersion "1"]
[SourceVersionDate "2013.10.22"]
[SourceQuality "1"]
[WhiteTeam "Deurne"]
[BlackTeam "Liege Crelel"]
[WhiteTeamCountry "BEL"]
[BlackTeamCountry "BEL"]

1. d4 d5 2. Nf3 Nf6 3. c3 g6 4. Bg5 Bg7 5. Nbd2 0-0 6. e3 c5 7. Bd3 Nc6 8. 0-0 h6 9. Bh4 Re8 10. Re1 Nd7 11. Rc1 a5 12. Qa4 Kh7 13. e4 cxd4 14. Qc2 dxc3 15. bxc3 dxe4 16. Nxe4 Nde5 17. Nxe5 Nxe5 18. Bb5 Bd7 19. Rcd1 Qc7 20. Bxd7 Nxd7 21. Bxe7 Be5 22. Bh4 f5 23. Ng3 Kg7 24. Nxf5+ gxf5 25. Qxf5 Bxh2+ 26. Kh1 Rxe1+ 27. Rxe1 Be5 28. f4 Bf6 29. Re6 Rf8 30. Qg4+ Kh7 31. Qf5+ Kg7 32. Qg4+ Kh8 33. Qg6 Qxf4 34. Re4 Qc1+ 35. Be1 Qg5 36. Qxg5 Bxg5 37. c4 Kg7 38. Bxa5 Ra8 39. Bc3+ Kg6 40. Re6+ Kf5 41. Rd6 Nf6 42. Rb6 Rxa2 43. g4+ Kg6 44. Bxf6 Bxf6 45. Rxb7 Rc2 46. Rb1 Kg5 47. Rg1 Bd4 48. Rg3 Kh4 49. Rd3 Bc5 50. Rd5 Be3 51. Rd3 Re2 52. c5 Kg3 0-1

[Event "BEL-ch op"]
[Site "Antwerp"]
[Date "2013.07.07"]
[Round "2"]
[White "Wlogalski, Olivier"]
[Black "Swijsen, Lars"]
[Result "0-1"]
[WhiteElo "1917"]
[BlackElo "2177"]
[PlyCount "120"]
[EventDate "2013.07.06"]
[EventType "swiss"]
[EventRounds "9"]
[EventCountry "BEL"]
[SourceTitle "CBM 155 Extra"]
[Source "ChessBase"]
[SourceDate "2013.08.26"]
[SourceVersion "1"]
[SourceVersionDate "2013.08.26"]
[SourceQuality "1"]

1. d4 Nf6 2. c4 g6 3. Nc3 Bg7 4. e4 d6 5. f3 0-0 6. Be3 Nc6 7. Qd2 a6 8. 0-0-0 e5 9. d5 Nd4 10. Nge2 c5 11. dxc6 bxc6 12. Nxd4 exd4 13. Bxd4 Qa5 14. Kb1 Kh8 15. Ne2 Qd8 16. g4 Be6 17. Nc1 Rb8 18. h4 Kg8 19. h5 c5 20. Bc3 Bxg4 21. Be2 Bxh5 22. Ka1 Qc7 23. Qxd6 Qxd6 24. Rxd6 Ne8 25. Rxa6 Bxc3 26. bxc3 Nc7 27. Ra5 Ne6 28. Rb5 Rbd8 29. Rb2 Nf4 30. Bd1 Nd3 31. Rc2 Ne5 32. Be2 Bxf3 33. Bxf3 Nxf3 34. Nb3 Ne5 35. Nxc5 Nxc4 36. a4 Rfe8 37. Re1 Re5 38. Nb3 Rde8 39. Ra2 Rxe4 40. Rxe4 Rxe4 41. Kb1 h5 42. a5 Re1+ 43. Nc1 Re7 44. a6 Ra7 45. Nd3 h4 46. Nb4 Ne5 47. Kc1 g5 48. Kd1 Kf8 49. Ke1 Ke8 50. Kf2 Kd7 51. Ra5 f6 52. Nd5 Nc6 53. Ra4 Kd6 54. Nxf6 Rf7 55. Ke3 Rxf6 56. a7 Nxa7 57. Rxa7 Rf5 58. Rb7 Kd5 59. Rb2 Kc4 60. Rc2 Rc5 0-1

[Event "BEL-ch U20"]
[Site "Blankenberge"]
[Date "2013.04.14"]
[Round "9"]
[White "Schaeken, Yordi"]
[Black "Swijsen, Lars"]
[Result "1/2-1/2"]
[WhiteElo "2133"]
[BlackElo "2168"]
[PlyCount "66"]
[EventDate "2013.04.07"]
[EventType "tourn"]
[EventRounds "9"]
[EventCountry "BEL"]
[SourceTitle "CBM 154 Extra"]
[Source "ChessBase"]
[SourceDate "2013.06.25"]
[SourceVersion "2"]
[SourceVersionDate "2013.06.25"]
[SourceQuality "1"]

1. e4 g6 2. d4 Bg7 3. h4 d5 4. e5 c5 5. c3 h5 6. Nh3 Bg4 7. Be2 Bxe2 8. Qxe2 e6 9. Qb5+ Qd7 10. Na3 Nc6 11. Qxc5 Bf8 12. Qb5 Bxa3 13. bxa3 Nxe5 14. Rb1 Qxb5 15. Rxb5 Nd3+ 16. Kd2 Nxc1 17. Rxc1 b6 18. a4 Nf6 19. f3 Ke7 20. a5 Rhb8 21. Rcb1 Nd7 22. a6 Rc8 23. R1b4 Nb8 24. Ra4 Nc6 25. Nf4 Na5 26. Nd3 Nc4+ 27. Ke2 Rc7 28. Nf4 Nd6 29. Rb3 Rac8 30. Kd3 Nf5 31. Rab4 Nxh4 32. a4 Nf5 33. a5 bxa5 1/2-1/2

[Event "BEL-ch U20"]
[Site "Blankenberge"]
[Date "2013.04.11"]
[Round "7"]
[White "Lenaerts, Lennert"]
[Black "Swijsen, Lars"]
[Result "0-1"]
[WhiteElo "2130"]
[BlackElo "2168"]
[PlyCount "84"]
[EventDate "2013.04.07"]
[EventType "tourn"]
[EventRounds "9"]
[EventCountry "BEL"]
[SourceTitle "CBM 154 Extra"]
[Source "ChessBase"]
[SourceDate "2013.06.25"]
[SourceVersion "2"]
[SourceVersionDate "2013.06.25"]
[SourceQuality "1"]

1. d4 d5 2. c4 c6 3. cxd5 cxd5 4. Nf3 Nf6 5. Nc3 a6 6. Bf4 Nc6 7. Rc1 Bf5 8. Ne5 Nxe5 9. dxe5 d4 10. exf6 dxc3 11. Qxd8+ Rxd8 12. Rxc3 gxf6 13. Bc7 Rc8 14. e3 Be6 15. a3 Bg7 16. e4 f5 17. e5 Kd7 18. Ba5 Bxe5 19. Rd3+ Ke8 20. Bc3 f6 21. Kd2 Kf7 22. Be2 Bc4 23. Rh3 Rcd8+ 24. Bd3 Bd5 25. f3 Bc4 26. f4 Bxf4+ 27. Kc2 Bxd3+ 28. Rxd3 Rxd3 29. Kxd3 Be5 30. Bxe5 fxe5 31. Rc1 Rd8+ 32. Ke3 Rd7 33. Rc4 f4+ 34. Ke2 Kf6 35. Rc8 e6 36. Rg8 e4 37. g3 e5 38. Rf8+ Rf7 39. Rd8 Kf5 40. Rc8 Kg4 41. Re8 f3+ 42. Kf2 e3+ 0-1

[Event "BEL-ch U20"]
[Site "Blankenberge"]
[Date "2013.04.09"]
[Round "4"]
[White "Swijsen, Lars"]
[Black "Lysander, Hans"]
[Result "1-0"]
[WhiteElo "2168"]
[BlackElo "1886"]
[PlyCount "123"]
[EventDate "2013.04.07"]
[EventType "tourn"]
[EventRounds "9"]
[EventCountry "BEL"]
[SourceTitle "CBM 154 Extra"]
[Source "ChessBase"]
[SourceDate "2013.06.25"]
[SourceVersion "2"]
[SourceVersionDate "2013.06.25"]
[SourceQuality "1"]

1. Nf3 Nf6 2. c4 g6 3. d4 Bg7 4. Nc3 0-0 5. g3 d6 6. Bg2 Nbd7 7. 0-0 a5 8. e4 e5 9. h3 h6 10. Rb1 Nh7 11. Be3 Nhf6 12. Qc2 Re8 13. Rfd1 c6 14. d5 Qc7 15. Ne1 Kh7 16. a3 Nh5 17. Qd3 Bf8 18. b4 axb4 19. axb4 Nb8 20. Rbc1 Na6 21. Qb1 Bd7 22. b5 cxb5 23. cxb5 Nc5 24. b6 Qd8 25. Rd2 Ra6 26. Rb2 f5 27. Bxc5 dxc5 28. exf5 Bxf5 29. Ne4 Nf6 30. f3 Kg7 31. Bf1 Ra5 32. Bb5 Rxb5 33. Rxb5 Qxd5 34. Rd1 Qc6 35. Nxf6 Qxf6 36. Qb3 Bxh3 37. Qd5 Bc8 38. Kg2 Be7 39. Rxc5 Bxc5 40. Qxc5 Qe6 41. Rd6 Qe7 42. Nd3 e4 43. Qd4+ Kh7 44. fxe4 Qf7 45. Qd5 Be6 46. Qd4 Rf8 47. Nf4 Bc8 48. Qd5 Qg7 49. e5 Re8 50. Rxg6 Qd7 51. Qxd7+ Bxd7 52. e6 Bc6+ 53. Kf2 Rf8 54. Rg4 Rf5 55. Ke3 Rb5 56. Kd4 Rxb6 57. Ke5 Rb5+ 58. Kf6 Rg5 59. Rxg5 hxg5 60. Kxg5 b5 61. Nd3 Be8 62. Kf6 1-0

[Event "BEL-ch U20"]
[Site "Blankenberge"]
[Date "2013.04.08"]
[Round "2"]
[White "Swijsen, Lars"]
[Black "Verhelst, Joris"]
[Result "1-0"]
[WhiteElo "2168"]
[BlackElo "2024"]
[PlyCount "73"]
[EventDate "2013.04.07"]
[EventType "tourn"]
[EventRounds "9"]
[EventCountry "BEL"]
[SourceTitle "CBM 154 Extra"]
[Source "ChessBase"]
[SourceDate "2013.06.25"]
[SourceVersion "2"]
[SourceVersionDate "2013.06.25"]
[SourceQuality "1"]

1. Nf3 d5 2. c4 Nf6 3. g3 e6 4. Bg2 c5 5. 0-0 Nc6 6. cxd5 Nxd5 7. Nc3 Be7 8. Nxd5 exd5 9. d4 cxd4 10. Nxd4 Bf6 11. Nxc6 bxc6 12. e4 Be6 13. exd5 cxd5 14. Be3 0-0 15. Bd4 Rb8 16. b3 Rb4 17. Bc5 Rb5 18. Bxf8 Bxa1 19. Qxa1 Kxf8 20. Rd1 Qc7 21. Qb1 h6 22. Qh7 Qc3 23. Qh8+ Ke7 24. Qa8 Ra5 25. Qb7+ Kf6 26. a4 d4 27. Qe4 Bxb3 28. Qf4+ Kg6 29. Rc1 Qb2 30. Be4+ f5 31. Rc6+ Kf7 32. Qc7+ Kg8 33. Qxa5 fxe4 34. Rc8+ Kh7 35. Qf5+ g6 36. Qd7+ Bf7 37. Qxf7# 1-0

[Event "BEL-ch U20"]
[Site "Blankenberge"]
[Date "2013.04.07"]
[Round "1"]
[White "Ghyselen, Wouter"]
[Black "Swijsen, Lars"]
[Result "1/2-1/2"]
[WhiteElo "2102"]
[BlackElo "2168"]
[PlyCount "68"]
[EventDate "2013.04.07"]
[EventType "tourn"]
[EventRounds "9"]
[EventCountry "BEL"]
[SourceTitle "CBM 154 Extra"]
[Source "ChessBase"]
[SourceDate "2013.06.25"]
[SourceVersion "2"]
[SourceVersionDate "2013.06.25"]
[SourceQuality "1"]

1. d4 Nf6 2. Bg5 e6 3. Nd2 h6 4. Bh4 Be7 5. e3 0-0 6. Bd3 c5 7. c3 b6 8. Qe2 Bb7 9. Ngf3 Nc6 10. 0-0 Rc8 11. a3 d5 12. Ne5 Nxe5 13. dxe5 Ne4 14. Bxe7 Qxe7 15. Bxe4 dxe4 16. Qg4 Qc7 17. Qf4 Rcd8 18. Nxe4 Bxe4 19. Qxe4 Rd5 20. f4 Rfd8 21. h3 Rd2 22. Rab1 c4 23. Rf2 Qc5 24. Rbf1 Qb5 25. Qb1 Qb3 26. Kh2 R8d3 27. Qc1 Rxf2 28. Rxf2 Rd1 29. Qc2 Qxc2 30. Rxc2 Re1 31. Rd2 Rxe3 32. Kg1 Re4 33. g3 Re1+ 34. Kf2 Rh1 1/2-1/2

[Event "EU-ch U18"]
[Site "Prague"]
[Date "2012.08.20"]
[Round "4"]
[White "Swijsen, Lars"]
[Black "Silva Rodriguez, Julio Jose"]
[Result "1-0"]
[WhiteElo "2097"]
[BlackElo "2165"]
[PlyCount "63"]
[EventDate "2012.08.17"]
[EventType "swiss"]
[EventRounds "9"]
[EventCountry "CZE"]
[SourceTitle "CBM 150 Extra"]
[Source "ChessBase"]
[SourceDate "2012.10.19"]
[SourceVersion "1"]
[SourceVersionDate "2012.10.19"]
[SourceQuality "1"]

1. c4 e5 2. g3 Nf6 3. Bg2 d5 4. cxd5 Nxd5 5. Nf3 Nc6 6. 0-0 Nb6 7. d3 Be7 8. Nbd2 0-0 9. a3 Re8 10. b4 Bf8 11. Bb2 Bg4 12. h3 Bf5 13. Kh2 a6 14. Rc1 f6 15. Nh4 Be6 16. Ne4 Nd7 17. Qd2 Be7 18. g4 g6 19. Nf3 Nb6 20. g5 f5 21. Nc5 Bxc5 22. bxc5 Na4 23. Ba1 Nd4 24. Nxd4 exd4 25. Qb4 Nc3 26. Rxc3 dxc3 27. Qxc3 Re7 28. Qh8+ Kf7 29. Qxh7+ Ke8 30. Qxg6+ Kd7 31. Bxb7 Rb8 32. c6+ 1-0

[Event "BEL-ch op"]
[Site "Lommel"]
[Date "2012.07.03"]
[Round "4"]
[White "Smekens, Ruben"]
[Black "Swijsen, Lars"]
[Result "1/2-1/2"]
[WhiteElo "1864"]
[BlackElo "2068"]
[PlyCount "91"]
[EventDate "2012.06.30"]
[EventType "swiss"]
[EventRounds "9"]
[EventCountry "BEL"]
[SourceTitle "EXT 2013"]
[Source "ChessBase"]
[SourceDate "2012.11.22"]
[SourceVersion "1"]
[SourceVersionDate "2012.11.22"]
[SourceQuality "1"]

1. e4 g6 2. d4 Bg7 3. Nf3 d6 4. Bc4 Nf6 5. Nc3 0-0 6. 0-0 Nc6 7. Be3 Bg4 8. h3 Bxf3 9. Qxf3 e5 10. d5 Ne7 11. Qe2 Nd7 12. Rad1 f5 13. f4 Kh8 14. Bd3 fxe4 15. Bxe4 Nf5 16. fxe5 Nxe3 17. Qxe3 Nxe5 18. Rxf8+ Qxf8 19. Rf1 Qe7 20. Bd3 a6 21. Kh1 b6 22. Nd1 Kg8 23. b3 a5 24. Bb5 Bf6 25. Nf2 Bg5 26. Qe4 Rf8 27. Ng4 Rxf1+ 28. Bxf1 Nxg4 29. Qxg4 Kg7 30. a4 Bf6 31. Qf3 Be5 32. Bd3 Qg5 33. Bf1 Qc1 34. Qe2 Qf4 35. g4 Kf6 36. Qg2 Kg5 37. Be2 Kh4 38. Bf1 Qg3 39. Qxg3+ Kxg3 40. Bg2 Bd4 41. Bf1 g5 42. Bg2 h6 43. Bf1 Kf2 44. Bd3 Be5 45. Bc4 Bf4 46. Bd3 1/2-1/2

[Event "BEL-ch U20 Elite"]
[Site "Bruges"]
[Date "2012.04.12"]
[Round "7"]
[White "Lysander, Hans"]
[Black "Swijsen, Lars"]
[Result "0-1"]
[WhiteElo "1642"]
[BlackElo "2103"]
[PlyCount "92"]
[EventDate "2012.04.08"]
[EventType "tourn"]
[EventRounds "9"]
[EventCountry "BEL"]
[SourceTitle "CBM 147 Extra"]
[Source "ChessBase"]
[SourceDate "2012.04.24"]
[SourceVersion "1"]
[SourceVersionDate "2012.04.24"]
[SourceQuality "1"]

1. e4 e6 2. d4 d5 3. Nc3 Bb4 4. e5 c5 5. Bd2 Ne7 6. a3 Bxc3 7. bxc3 Qc7 8. f4 Nbc6 9. Nf3 Bd7 10. dxc5 f6 11. Qe2 fxe5 12. Nxe5 Nxe5 13. Qxe5 Qxe5+ 14. fxe5 0-0 15. 0-0-0 Ng6 16. Re1 Rac8 17. c4 dxc4 18. Bxc4 Rxc5 19. Bxe6+ Bxe6 20. Bb4 Rfc8 21. Bxc5 Rxc5 22. Re3 Kf7 23. Rhe1 Ke7 24. g3 Bf5 25. R1e2 Ke6 26. Kb2 Rxe5 27. Rxe5+ Nxe5 28. Kc3 Kd6 29. Kd4 Nc6+ 30. Kc3 h5 31. Re3 Ne5 32. Kd4 Nc6+ 33. Kc3 Kc5 34. Re1 g6 35. Rb1 b5 36. Re1 a5 37. Kb2 Nd4 38. c3 Nf3 39. Re2 Kc4 40. Rf2 Ne5 41. Rd2 Nd3+ 42. Kc2 Nc5+ 43. Kb2 Na4+ 44. Ka2 Nxc3+ 45. Kb2 Na4+ 46. Ka2 b4 0-1

[Event "BEL-ch U20 Elite"]
[Site "Bruges"]
[Date "2012.04.11"]
[Round "5"]
[White "Swijsen, Lars"]
[Black "Roos, David"]
[Result "1/2-1/2"]
[WhiteElo "2103"]
[BlackElo "2097"]
[PlyCount "107"]
[EventDate "2012.04.08"]
[EventType "tourn"]
[EventRounds "9"]
[EventCountry "BEL"]
[SourceTitle "CBM 147 Extra"]
[Source "ChessBase"]
[SourceDate "2012.04.24"]
[SourceVersion "1"]
[SourceVersionDate "2012.04.24"]
[SourceQuality "1"]

1. e4 c5 2. c3 d5 3. exd5 Qxd5 4. Nf3 g6 5. Na3 Bg7 6. Bc4 Qd8 7. d4 cxd4 8. cxd4 Nf6 9. 0-0 0-0 10. Be3 Nbd7 11. Qd2 b6 12. Bh6 Bb7 13. Bxg7 Kxg7 14. d5 Nc5 15. Rad1 Nce4 16. Qd4 Rc8 17. Ne5 Nd6 18. Ng4 Nf5 19. Qe5 Qd6 20. Qxd6 Nxd6 21. Nxf6 Kxf6 22. Bb3 Rc5 23. Nb1 Rd8 24. Nc3 b5 25. f3 Kg7 26. Rfe1 Rd7 27. Ne4 Rcc7 28. Kf2 h6 29. Rc1 Nc4 30. Bxc4 bxc4 31. Nc3 Bxd5 32. Rcd1 Be6 33. Ke2 Rb7 34. Rxd7 Bxd7 35. Rb1 Bf5 36. Ne4 Bxe4 37. fxe4 Kf6 38. Kd2 Ke5 39. Kc3 Rd7 40. Rf1 f6 41. Kxc4 Rd2 42. Kc3 Rxg2 43. Rd1 Rxh2 44. Rd7 e6 45. Rxa7 g5 46. a4 g4 47. a5 Rh5 48. Rg7 Rg5 49. Rxg5+ hxg5 50. Kd3 Kd6 51. e5+ fxe5 52. Ke4 Kc5 53. b4+ Kb5 54. Ke3 1/2-1/2

[Event "Vlissingen HZ op 15th"]
[Site "Vlissingen"]
[Date "2011.08.04"]
[Round "7"]
[White "Swijsen, Lars"]
[Black "Provoost, Simon"]
[Result "1/2-1/2"]
[WhiteElo "1960"]
[BlackElo "2295"]
[PlyCount "80"]
[EventDate "2011.07.30"]
[EventType "swiss"]
[EventRounds "9"]
[EventCountry "NED"]
[SourceTitle "CBM 143 Extra"]
[Source "ChessBase"]
[SourceDate "2011.08.29"]
[SourceVersion "1"]
[SourceVersionDate "2011.08.29"]
[SourceQuality "1"]

1. e4 c5 2. c3 d5 3. exd5 Qxd5 4. d4 Nf6 5. Nf3 e6 6. Na3 a6 7. Nc4 Nbd7 8. Be2 cxd4 9. Qxd4 Bc5 10. Qxd5 Nxd5 11. 0-0 b5 12. Na5 Bb6 13. Nb3 Bc7 14. a4 Rb8 15. axb5 axb5 16. Nbd4 b4 17. Nb5 Bf4 18. cxb4 Bxc1 19. Rfxc1 Nxb4 20. Ra7 Nd5 21. Nc7+ Nxc7 22. Rcxc7 0-0 23. Rxd7 Bxd7 24. Rxd7 Rxb2 25. Rd2 Rfb8 26. Rxb2 Rxb2 27. Bd3 Rb3 28. Bf1 Rb2 29. g4 g6 30. Kg2 Kg7 31. h4 Ra2 32. Kg3 Ra5 33. Nd2 Ra2 34. Nc4 Ra1 35. Bg2 Rc1 36. Ne3 Rc5 37. g5 h6 38. f4 h5 39. Nf1 e5 40. fxe5 Rxe5 1/2-1/2

[Event "Vlissingen HZ op 15th"]
[Site "Vlissingen"]
[Date "2011.07.31"]
[Round "2"]
[White "Nabuurs, Joep"]
[Black "Swijsen, Lars"]
[Result "1/2-1/2"]
[WhiteElo "2218"]
[BlackElo "1960"]
[PlyCount "32"]
[EventDate "2011.07.30"]
[EventType "swiss"]
[EventRounds "9"]
[EventCountry "NED"]
[SourceTitle "CBM 143 Extra"]
[Source "ChessBase"]
[SourceDate "2011.08.29"]
[SourceVersion "1"]
[SourceVersionDate "2011.08.29"]
[SourceQuality "1"]

1. e4 e6 2. d4 d5 3. Nc3 Bb4 4. exd5 exd5 5. Bd3 Ne7 6. Qh5 c5 7. dxc5 d4 8. a3 Qa5 9. axb4 Qxa1 10. Nce2 Nbc6 11. Nf3 Nxb4 12. Qe5 Nxd3+ 13. cxd3 Qa5+ 14. Bd2 Qa1+ 15. Bc1 Qa5+ 16. Bd2 Qa1+ 1/2-1/2

[Event "FICGS class A 000094 email"]
[Site "FICGS email"]
[Date "2011.05.12"]
[Round "1"]
[White "Kuge, Thomas A"]
[Black "Swijsen, Lars"]
[Result "1-0"]
[WhiteElo "2000"]
[BlackElo "2000"]
[PlyCount "55"]
[EventDate "2011.??.??"]
[EventType "tourn (corr)"]
[EventRounds "6"]
[SourceTitle "Corr 2013"]
[Source "ChessBase"]
[SourceDate "2012.11.12"]
[SourceVersion "1"]
[SourceVersionDate "2012.11.12"]
[SourceQuality "1"]

1. d4 Nf6 2. c4 g6 3. Nc3 d5 4. g3 Bg7 5. Bg2 c6 6. Nf3 0-0 7. b3 Ne4 8. Bb2 Nxc3 9. Bxc3 Be6 10. Ng5 Qd7 11. Nxe6 Qxe6 12. Qd3 Rd8 13. 0-0 Nd7 14. e3 dxc4 15. bxc4 Ne5 16. Qb1 Qxc4 17. Qxb7 Qxc3 18. dxe5 Qxe5 19. Qxc6 Rac8 20. Qa4 Qc5 21. Rab1 Rb8 22. h3 Be5 23. Rbc1 Qd6 24. Qxa7 Rd7 25. Qa4 Rb2 26. Rcd1 Rd2 27. Rxd2 Qxd2 28. Qb5 1-0

[Event "FICGS rapid A 000104 email"]
[Site "FICGS email"]
[Date "2011.05.09"]
[Round "1"]
[White "Swijsen, Lars"]
[Black "Kasznia, Ireneusz"]
[Result "0-1"]
[WhiteElo "2000"]
[BlackElo "1918"]
[PlyCount "54"]
[EventDate "2011.??.??"]
[EventType "tourn (rapid)"]
[EventRounds "6"]
[SourceTitle "Corr 2013"]
[Source "ChessBase"]
[SourceDate "2012.11.12"]
[SourceVersion "1"]
[SourceVersionDate "2012.11.12"]
[SourceQuality "1"]

1. e4 e6 2. c4 d5 3. cxd5 exd5 4. exd5 Nf6 5. Nf3 Nxd5 6. Nc3 Nc6 7. Bc4 Qe7+ 8. Qe2 Qxe2+ 9. Nxe2 Ndb4 10. 0-0 Nc2 11. Rb1 Bg4 12. Bb3 Bf5 13. Ng3 Bd3 14. Bxc2 Bxc2 15. Re1+ Be7 16. Ra1 0-0-0 17. d4 Bb4 18. Re2 Bd1 19. Re3 Bxf3 20. gxf3 Nxd4 21. Re4 Nxf3+ 22. Kg2 Ne1+ 23. Kh3 Nd3 24. Be3 g6 25. Ne2 Rhe8 26. Rxe8 Rxe8 27. a3 Bd2 0-1

[Event "FICGS rapid A 000104 email"]
[Site "FICGS email"]
[Date "2011.05.09"]
[Round "1"]
[White "Swijsen, Lars"]
[Black "Kuge, Thomas A"]
[Result "0-1"]
[WhiteElo "2000"]
[BlackElo "2000"]
[PlyCount "58"]
[EventDate "2011.??.??"]
[EventType "tourn (rapid)"]
[EventRounds "6"]
[SourceTitle "Corr 2013"]
[Source "ChessBase"]
[SourceDate "2012.11.12"]
[SourceVersion "1"]
[SourceVersionDate "2012.11.12"]
[SourceQuality "1"]

1. e4 e5 2. Nf3 Nf6 3. Nc3 Nc6 4. Bb5 Bb4 5. 0-0 0-0 6. d3 Nd4 7. Nxd4 exd4 8. Ne2 a6 9. Bc4 b5 10. Bb3 Bc5 11. c3 dxc3 12. bxc3 Be7 13. e5 Ne8 14. Ng3 d6 15. Qf3 Rb8 16. d4 c5 17. Bf4 c4 18. Bc2 f5 19. exd6 Bxd6 20. Rfe1 Bb7 21. Qe3 Bxf4 22. Qxf4 g6 23. Re5 Nf6 24. Rae1 Qd7 25. Nxf5 Kh8 26. Qg5 Be4 27. Bxe4 Nxe4 28. R1xe4 Rxf5 29. Rxf5 Qxf5 0-1

[Event "BEL-ch U16"]
[Site "Houffalize"]
[Date "2011.04.18"]
[Round "2"]
[White "Swijsen, Lars"]
[Black "Rodriguez, Abelardo"]
[Result "1/2-1/2"]
[WhiteElo "1960"]
[BlackElo "1792"]
[PlyCount "113"]
[EventDate "2011.04.17"]
[EventType "swiss"]
[EventRounds "9"]
[EventCountry "BEL"]
[SourceTitle "EXT 2012"]
[Source "ChessBase"]
[SourceDate "2011.11.24"]
[SourceVersion "1"]
[SourceVersionDate "2011.11.24"]
[SourceQuality "1"]

1. e4 e6 2. Nf3 d5 3. Nc3 Nf6 4. e5 Nfd7 5. d4 c5 6. dxc5 Nc6 7. Bf4 Bxc5 8. Bd3 f6 9. exf6 Nxf6 10. Qe2 0-0 11. 0-0-0 a6 12. Ne5 Bd6 13. Bg3 Nxe5 14. Bxe5 b5 15. f4 Bb7 16. g4 b4 17. Nb1 Bxe5 18. Qxe5 Qb6 19. Rhg1 Rac8 20. Nd2 Ne4 21. Bxe4 dxe4 22. b3 Bd5 23. f5 Qc6 24. Nc4 Bxc4 25. bxc4 Rfe8 26. Qd4 Qxc4 27. Qxc4 Rxc4 28. fxe6 Rxe6 29. Rgf1 Re8 30. Rde1 e3 31. Rf3 Rc3 32. Re2 Re5 33. Rf4 a5 34. h4 g5 35. hxg5 Kg7 36. Rf6 Rxg5 37. Re6 Rxg4 38. R6xe3 Rxe3 39. Rxe3 Kf6 40. Rh3 Kg6 41. Rd3 Rg5 42. a3 h5 43. axb4 axb4 44. Rd6+ Kf5 45. Rd5+ Kf6 46. Rd6+ Kg7 47. Rd7+ Kh6 48. Rd6+ Rg6 49. Rd5 Rb6 50. Kd2 b3 51. cxb3 Rxb3 52. Ke2 h4 53. Kf2 Rg3 54. Rd8 Kh5 55. Rd1 Kg4 56. Rg1 Kh3 57. Ra1 1/2-1/2

[Event "Vlissingen HZ op 14th"]
[Site "Vlissingen"]
[Date "2010.08.07"]
[Round "1"]
[White "Sasikiran, Krishnan"]
[Black "Swijsen, Lars"]
[Result "1-0"]
[WhiteElo "2679"]
[BlackElo "1922"]
[PlyCount "65"]
[EventDate "2010.08.07"]
[EventType "swiss"]
[EventRounds "9"]
[EventCountry "NED"]
[SourceTitle "CBM 137 Extra"]
[Source "ChessBase"]
[SourceDate "2010.09.01"]
[SourceVersion "1"]
[SourceVersionDate "2010.09.01"]
[SourceQuality "1"]

1. d4 d5 2. c4 c6 3. Nf3 Nf6 4. Nc3 a6 5. Bd2 b5 6. c5 Bf5 7. Nh4 Bg6 8. b4 Nbd7 9. Nxg6 hxg6 10. a4 e5 11. e3 Be7 12. Be2 Qb8 13. g3 Qc8 14. Ra2 0-0 15. 0-0 exd4 16. exd4 Ne8 17. Re1 Bf6 18. Bg4 Rb8 19. axb5 axb5 20. Bf4 Rb7 21. Ra6 g5 22. Be5 Bxe5 23. dxe5 Qc7 24. Nxd5 cxd5 25. Bxd7 Ra7 26. Rxa7 Qxa7 27. e6 Nf6 28. e7 Qxd7 29. exf8Q+ Kxf8 30. Qd4 Kg8 31. Qe5 Qh3 32. Qxg5 Ng4 33. Re8+ 1-0

[Event "BEL-ch op"]
[Site "Westerlo"]
[Date "2010.07.09"]
[Round "7"]
[White "Van Vliet, Dennis"]
[Black "Swijsen, Lars"]
[Result "1-0"]
[WhiteElo "2076"]
[BlackElo "1922"]
[PlyCount "63"]
[EventDate "2010.07.03"]
[EventType "swiss"]
[EventRounds "9"]
[EventCountry "BEL"]
[SourceTitle "CBM 137 Extra"]
[Source "ChessBase"]
[SourceDate "2010.09.01"]
[SourceVersion "1"]
[SourceVersionDate "2010.09.01"]
[SourceQuality "1"]

1. d4 d5 2. c4 c6 3. Nf3 Nf6 4. e3 a6 5. b3 b5 6. Nbd2 Bg4 7. h3 Bh5 8. g4 Bg6 9. Ne5 Nfd7 10. Nxg6 hxg6 11. Bg2 Nf6 12. a4 b4 13. e4 e6 14. Qe2 Be7 15. 0-0 0-0 16. Bb2 a5 17. Rae1 Re8 18. Qf3 Nbd7 19. Re3 Qb8 20. Rfe1 Kf8 21. Qe2 Nb6 22. Rf1 g5 23. h4 Ng8 24. e5 gxh4 25. f4 Rd8 26. f5 Ke8 27. fxe6 fxe6 28. g5 Kd7 29. Qg4 dxc4 30. bxc4 Nxa4 31. Qxe6+ Kxe6 32. Bh3# 1-0